[Event "East European zonal 3 (w)"]
[Site "Balatonfoldvar HUN"]
[Date "1987.??.??"]
[Round "8"]
[White "Stanciu, Gabriela"]
[Black "Veroci-Petronic, Zsuzsa"]
[Result "1/2-1/2"]
[WhiteElo "2245"]
[BlackElo "2415"]
[EventDate "1987.02.19"]
[PlyCount "46"]

1.d4 Nf6 2.c4 c5 3.d5 e5 4.Nc3 d6 5.e4 Be7 6.h3 O-O 7.Nf3 Na6 8.Bd3 Nc7 9.
a3 Nce8 10.b4 b6 11.Rb1 g6 12.g4 Ng7 13.Ne2 h5 14.g5 Nh7 15.h4 Bg4 16.Nh2 
Bd7 17.bxc5 bxc5 18.Rg1 f6 19.f4 exf4 20.Nxf4 Be8 21.e5 fxg5 22.Nxg6 Bxg6 
23.Bxg6 g4 1/2-1/2

[Event "East European zonal 3 (w)"]
[Site "Balatonfoldvar HUN"]
[Date "1987.??.??"]
[Round "8"]
[White "Jicman, Ligia-Letitia"]
[Black "Grosch, Maria"]
[Result "1/2-1/2"]
[WhiteElo "2220"]
[BlackElo "2220"]
[EventDate "1987.02.19"]
[PlyCount "43"]

1.e4 c5 2.c3 d5 3.exd5 Qxd5 4.d4 e6 5.Nf3 Nf6 6.Na3 Qd8 7.Bf4 Nc6 8.dxc5 
Nd5 9.Bd6 Bxd6 10.cxd6 Qxd6 11.Nb5 Qe7 12.c4 a6 13.cxd5 exd5+ 14.Be2 axb5 
15.O-O O-O 16.Bxb5 Qb4 17.Qxd5 Be6 18.Qh5 Bg4 19.Qh4 Qxb5 20.Qxg4 Qxb2 21.
Rab1 Qxa2 22.Rxb7 1/2-1/2

[Event "East European zonal 3 (w)"]
[Site "Balatonfoldvar HUN"]
[Date "1987.??.??"]
[Round "8"]
[White "Richtrova-Klimova, Eliska"]
[Black "Savova, Stefka"]
[Result "1/2-1/2"]
[WhiteElo "2320"]
[BlackElo "2245"]
[EventDate "1987.02.19"]
[PlyCount "25"]

1.d4 Nf6 2.c4 d6 3.Nc3 e5 4.dxe5 dxe5 5.Qxd8+ Kxd8 6.Nf3 Nfd7 7.g4 c6 8.
Be3 Bb4 9.O-O-O Bxc3 10.bxc3 Ke7 11.Nd2 Na6 12.h3 Nb6 13.f4 1/2-1/2

[Event "East European zonal 3 (w)"]
[Site "Balatonfoldvar HUN"]
[Date "1987.??.??"]
[Round "8"]
[White "Wiese-Jozwiak, Malgorzata"]
[Black "Madl, Ildiko"]
[Result "1-0"]
[WhiteElo "2290"]
[BlackElo "2350"]
[EventDate "1987.02.19"]
[PlyCount "69"]

1.e4 c5 2.Nf3 d6 3.d4 cxd4 4.Nxd4 Nf6 5.Nc3 Nc6 6.Bc4 e6 7.Be3 a6 8.Bb3 
Qc7 9.f4 Be7 10.Qf3 Na5 11.g4 Nc4 12.Bxc4 Qxc4 13.g5 Nd7 14.Rf1 b5 15.e5 
d5 16.Qh3 g6 17.f5 exf5 18.e6 fxe6 19.Nxe6 Ne5 20.Qg3 Bxe6 21.Qxe5 Kf7 22.
O-O-O Rac8 23.Bd4 Bxg5+ 24.Kb1 Rhg8 25.Rfe1 Qc6 26.Re2 Rce8 27.h4 Bd8 28.
Rf2 Qc7 29.Qe3 g5 30.hxg5 Rxg5 31.Qh3 Kg8 32.Rg2 Qf4 33.Be3 Qg4 34.Rxg4 
fxg4 35.Qg3 1-0

[Event "East European zonal 3 (w)"]
[Site "Balatonfoldvar HUN"]
[Date "1987.??.??"]
[Round "8"]
[White "Erenska-Radzewska, Hanna"]
[Black "Ciprianova-Kubikova, Hana"]
[Result "1/2-1/2"]
[WhiteElo "2300"]
[BlackElo "2145"]
[EventDate "1987.02.19"]
[PlyCount "70"]

1.e4 c5 2.Nf3 d6 3.d4 cxd4 4.Nxd4 Nf6 5.Nc3 a6 6.f4 Qc7 7.a4 g6 8.Bd3 Bg7 
9.Nf3 Bg4 10.O-O O-O 11.Qe1 Bxf3 12.Rxf3 e6 13.Kh1 Nc6 14.Bd2 Rae8 15.Qh4 
Nh5 16.Qf2 f5 17.exf5 exf5 18.Nd5 Qd8 19.c3 Nf6 20.Nxf6+ Bxf6 21.Bc4+ Kg7 
22.Bd5 Re7 23.Re3 Rxe3 24.Qxe3 Re8 25.Qf2 Re7 26.g3 Qa5 27.Qg2 Qb6 28.Rb1 
Qc7 29.b4 Nd8 30.Qf3 a5 31.Kg2 Qd7 32.b5 Ne6 33.Re1 Nc5 34.Rxe7+ Qxe7 35.
Be3 b6 1/2-1/2

[Event "East European zonal 3 (w)"]
[Site "Balatonfoldvar HUN"]
[Date "1987.??.??"]
[Round "8"]
[White "Ivanka, Maria"]
[Black "Szmacinska, Grazyna"]
[Result "1/2-1/2"]
[WhiteElo "2290"]
[BlackElo "2315"]
[EventDate "1987.02.19"]
[PlyCount "45"]

1.f4 d5 2.Nf3 g6 3.g3 Bg7 4.Bg2 Nf6 5.O-O O-O 6.d3 c5 7.Qe1 d4 8.c3 Nc6 9.
Na3 Be6 10.Bd2 Qb6 11.c4 Rad8 12.Rb1 Nb4 13.Nb5 a6 14.Nbxd4 Ng4 15.Nxe6 
Qxe6 16.Bxb4 cxb4 17.Kh1 Ne3 18.Rg1 Qb6 19.h3 a5 20.g4 Qd6 21.Qg3 b6 22.
Ne5 Qc5 23.b3 1/2-1/2

[Event "East European zonal 3 (w)"]
[Site "Balatonfoldvar HUN"]
[Date "1987.??.??"]
[Round "8"]
[White "Porubszky, Maria"]
[Black "Baumstark, Gertrude"]
[Result "1/2-1/2"]
[WhiteElo "2240"]
[BlackElo "2080"]
[EventDate "1987.02.19"]
[PlyCount "57"]

1.Nf3 c5 2.b3 d5 3.e3 Nf6 4.Bb2 g6 5.c4 dxc4 6.Bxc4 Bg7 7.O-O O-O 8.d4 
cxd4 9.Nxd4 a6 10.Nd2 b5 11.Be2 Bb7 12.Rc1 Qd7 13.Bf3 Rd8 14.Bxb7 Qxb7 15.
Qc2 Nd5 16.Ne4 Nb4 17.Qb1 N8c6 18.Nc5 Qb6 19.Nxc6 Nxc6 20.Bxg7 Kxg7 21.
Qb2+ Kg8 22.b4 Rd5 23.Rfd1 Rad8 24.Rxd5 Rxd5 25.h3 a5 26.a3 axb4 27.axb4 
Qd8 28.Qb3 Ne5 29.Nb7 1/2-1/2

[Event "East European zonal 3 (w)"]
[Site "Balatonfoldvar HUN"]
[Date "1987.??.??"]
[Round "9"]
[White "Voiska, Margarita"]
[Black "Ivanka, Maria"]
[Result "1-0"]
[WhiteElo "2305"]
[BlackElo "2290"]
[EventDate "1987.02.19"]
[PlyCount "81"]

1.Nf3 Nf6 2.g3 b6 3.Bg2 Bb7 4.O-O c5 5.c4 e6 6.b3 Be7 7.Bb2 O-O 8.e3 d5 9.
Qe2 dxc4 10.bxc4 Nc6 11.d3 Qc7 12.Nc3 a6 13.Rfd1 Rfd8 14.Rab1 Rab8 15.Ba1 
Ba8 16.Ne1 Ne8 17.f4 Bf6 18.g4 Nd6 19.a4 Rd7 20.Nf3 Qd8 21.Nd2 Nb4 22.Bxa8
Rxa8 23.g5 Be7 24.Nf3 f6 25.Kh1 Nf5 26.Ne4 Raa7 27.gxf6 Bxf6 28.Bxf6 gxf6 
29.a5 Rxd3 30.axb6 Rxd1+ 31.Rxd1 Qxb6 32.Nxf6+ Kf7 33.Nxh7 Qc6 34.Qg2 Nxe3
35.Ne5+ Ke8 36.Nxc6 Nxg2 37.Nxa7 Ne3 38.Re1 Nxc4 39.Rxe6+ Kf7 40.Ng5+ Kg7 
41.h4 1-0

[Event "East European zonal 3 (w)"]
[Site "Balatonfoldvar HUN"]
[Date "1987.??.??"]
[Round "9"]
[White "Madl, Ildiko"]
[Black "Erenska-Radzewska, Hanna"]
[Result "1-0"]
[WhiteElo "2350"]
[BlackElo "2300"]
[EventDate "1987.02.19"]
[PlyCount "139"]

1.e4 c5 2.Nf3 e6 3.d4 cxd4 4.Nxd4 Nf6 5.Nc3 d6 6.f4 a6 7.Qf3 Qb6 8.Nb3 Qc7
9.Bd3 b5 10.g4 Bb7 11.g5 Nfd7 12.Be3 Nc6 13.Qh3 b4 14.Ne2 Ne7 15.Rf1 d5 
16.exd5 Nxd5 17.Bd4 h6 18.O-O-O O-O-O 19.Kb1 Kb8 20.Qh5 f6 21.gxf6 N7xf6 
22.Qh3 Bd6 23.Qh4 Ka8 24.Bg1 Rhe8 25.Rc1 e5 26.fxe5 Rxe5 27.Qd4 Qb8 28.Ng3
Bc7 29.Qc4 Ne3 30.Bxe3 Rxe3 31.Nf5 Rh3 32.Nc5 Bb6 33.Nxa6 Bxa6 34.Qxa6+ 
Qa7 35.Qxa7+ Kxa7 36.Nxg7 Nd5 37.Rf7+ Kb8 38.Be4 Nc7 39.c3 bxc3 40.Rxc3 
Rxh2 41.a4 Rd1+ 42.Ka2 Rd4 43.Bc6 Rb4 44.Rb3 Rxb3 45.Kxb3 Bd4 46.Nf5 Be5 
47.Ne7 Rxb2+ 48.Kc4 Rc2+ 49.Kd3 Rc5 50.Bg2 Bg3 51.Rf8+ Ka7 52.Nc6+ Kb7 53.
Rb8+ Ka6 54.Be4 Bf4 55.Ke2 Rxc6 56.Bxc6 Ka5 57.Kd3 Ne6 58.Rb5+ Ka6 59.Kc4 
Nc7 60.Rf5 Bg5 61.Bd7 Kb6 62.Rf3 Na6 63.Rb3+ Kc7 64.Bg4 Nb8 65.Bf3 Nd7 66.
Kb5 Ne5 67.Rc3+ Kb8 68.Bd5 h5 69.a5 h4 70.Be6 1-0

[Event "East European zonal 3 (w)"]
[Site "Balatonfoldvar HUN"]
[Date "1987.??.??"]
[Round "9"]
[White "Veroci-Petronic, Zsuzsa"]
[Black "Jicman, Ligia-Letitia"]
[Result "1-0"]
[WhiteElo "2415"]
[BlackElo "2220"]
[EventDate "1987.02.19"]
[PlyCount "75"]

1.e4 c5 2.Nf3 d6 3.d4 Nf6 4.Nc3 cxd4 5.Nxd4 e6 6.g4 h6 7.h4 Nc6 8.Rg1 h5 
9.gxh5 Nxh5 10.Bg5 Nf6 11.Qd2 Qb6 12.Nb3 a6 13.O-O-O Bd7 14.Rg3 Ne5 15.f4 
Ng6 16.e5 Nh5 17.Re3 f6 18.exf6 O-O-O 19.fxg7 Bxg7 20.Bxd8 Rxd8 21.Rd3 Bh6
22.Kb1 d5 23.Nxd5 exd5 24.Rxd5 Nf6 25.Rd6 Ne4 26.Rxb6 Nxd2+ 27.Rxd2 Re8 
28.Re2 Rxe2 29.Bxe2 Bc6 30.f5 Nf4 31.Nd4 Kc7 32.Rb3 Bd5 33.Rg3 Kd6 34.Bf3 
Bf7 35.Bxb7 Ke5 36.c3 Bc4 37.b3 Nh5 38.Rg6 1-0

[Event "East European zonal 3 (w)"]
[Site "Balatonfoldvar HUN"]
[Date "1987.??.??"]
[Round "9"]
[White "Szmacinska, Grazyna"]
[Black "Porubszky, Maria"]
[Result "1-0"]
[WhiteElo "2315"]
[BlackElo "2240"]
[EventDate "1987.02.19"]
[PlyCount "41"]

1.d4 d5 2.Nf3 Nf6 3.c4 dxc4 4.e3 e6 5.Nc3 c5 6.Bxc4 a6 7.O-O b5 8.Bd3 Bb7 
9.Qe2 Nbd7 10.Rd1 Qc7 11.dxc5 Bxc5 12.a3 O-O 13.b4 Ba7 14.Bb2 Rac8 15.Rac1
Bxf3 16.gxf3 Bb8 17.f4 Qb7 18.Qf1 Nb6 19.Qh3 Nc4 20.Nd5 Rfd8 21.Nxf6+ 1-0

[Event "East European zonal 3 (w)"]
[Site "Balatonfoldvar HUN"]
[Date "1987.??.??"]
[Round "9"]
[White "Ciprianova-Kubikova, Hana"]
[Black "Stanciu, Gabriela"]
[Result "0-1"]
[WhiteElo "2145"]
[BlackElo "2245"]
[EventDate "1987.02.19"]
[PlyCount "118"]

1.e4 e5 2.Nf3 Nc6 3.Bb5 a6 4.Ba4 Nf6 5.O-O Be7 6.Re1 b5 7.Bb3 d6 8.c3 O-O 
9.h3 Na5 10.Bc2 c5 11.d4 Qc7 12.Nbd2 cxd4 13.cxd4 Nc6 14.d5 Nb4 15.Bb1 a5 
16.a3 Na6 17.Nf1 Bd7 18.Ng3 Rfc8 19.Bg5 h6 20.Be3 b4 21.Nh4 Bf8 22.Qf3 Qd8
23.Nhf5 Kh7 24.Ne2 g6 25.Nh4 Bg7 26.Bd2 Nxe4 27.Bxh6 Qxh4 28.Bxg7 Kxg7 29.
Qxe4 Qxe4 30.Bxe4 Nc5 31.Ng3 Nb3 32.Rad1 f5 33.Bb1 bxa3 34.bxa3 Kf6 35.Ba2
Nd4 36.Bb1 Rc3 37.Rd3 Rac8 38.Nf1 Rc1 39.Rdd1 Rxd1 40.Rxd1 Rc3 41.Ne3 Rxa3
42.Bd3 Rc3 43.Ba6 a4 44.Ra1 a3 45.Nd1 Rc5 46.Ne3 f4 47.Nc4 Nc2 48.Ra2 Nb4 
49.Rxa3 Nxa6 50.Rxa6 Rxc4 51.Rxd6+ Ke7 52.Rxg6 Rd4 53.h4 Rxd5 54.h5 Bf5 
55.Rb6 Rd6 56.Rb7+ Kf6 57.g4 Bxg4 58.h6 Rd7 59.Rb6+ Be6 0-1

[Event "East European zonal 3 (w)"]
[Site "Balatonfoldvar HUN"]
[Date "1987.??.??"]
[Round "9"]
[White "Savova, Stefka"]
[Black "Wiese-Jozwiak, Malgorzata"]
[Result "0-1"]
[WhiteElo "2245"]
[BlackElo "2290"]
[EventDate "1987.02.19"]
[PlyCount "148"]

1.d4 Nf6 2.Nf3 e6 3.c3 c5 4.e3 d5 5.Bd3 Nc6 6.O-O Be7 7.Nbd2 O-O 8.dxc5 
Bxc5 9.e4 Qc7 10.exd5 exd5 11.Nb3 Bb6 12.h3 Bxh3 13.gxh3 Qg3+ 14.Kh1 Qxh3+
15.Nh2 Ne5 16.Be2 Ne4 17.Nd4 Rad8 18.Bf4 Bc7 19.Qc1 Qh4 20.Nf5 Nxf2+ 21.
Rxf2 Qxf2 22.Qe3 Qxe3 23.Bxe3 Nc4 24.Bd4 Be5 25.Bxc4 Bxd4 26.Bxd5 Bc5 27.
c4 g6 28.Ng3 Kg7 29.Nf3 Rfe8 30.Rd1 b6 31.Kg2 f5 32.Ng5 Rd6 33.Rf1 h6 34.
Nf3 f4 35.Nh1 Re2+ 36.Kh3 Rxb2 37.Kg4 Be3 38.Ne5 Rg2+ 39.Kf3 Rxa2 40.Ke4 
Ra4 41.Nf2 g5 42.Nfd3 b5 43.Rb1 a6 44.Nb2 Ra3 45.Nbd3 Ra4 46.Nb2 Ra5 47.
Nc6 Ra3 48.Nd3 Kf6 49.Nde5 Bc5 50.Ng4+ Kg7 51.Ne7 Rxd5 52.Nxd5 Ra4 53.Ne5 
Bd6 54.Nb6 Ra3 55.Nd5 Ra4 56.Nb6 Ra2 57.Kf5 Bxe5 58.Kxe5 bxc4 59.Nxc4 Kg6 
60.Nd6 Ra5+ 61.Ke4 Ra4+ 62.Ke5 f3 63.Rf1 Rf4 64.Rf2 a5 65.Ne4 Kh5 66.Ra2 
Kg4 67.Nf2+ Kg3 68.Nh1+ Kh3 69.Nf2+ Kg2 70.Rc2 Rf8 71.Kd4 Kg3 72.Ke3 Re8+ 
73.Ne4+ Rxe4+ 74.Kxe4 f2 0-1

[Event "East European zonal 3 (w)"]
[Site "Balatonfoldvar HUN"]
[Date "1987.??.??"]
[Round "9"]
[White "Baumstark, Gertrude"]
[Black "Angelova, Pavlina"]
[Result "1/2-1/2"]
[WhiteElo "2080"]
[BlackElo "2245"]
[EventDate "1987.02.19"]
[PlyCount "109"]

1.e4 c6 2.d4 d5 3.Nc3 dxe4 4.Nxe4 Nf6 5.Nxf6+ gxf6 6.Ne2 h5 7.Be3 Bg4 8.h3
Bf5 9.Ng3 Bg6 10.h4 e6 11.Bd3 Bxd3 12.Qxd3 Bd6 13.Ne4 f5 14.Nxd6+ Qxd6 15.
O-O-O Nd7 16.g3 O-O-O 17.Qb3 Qc7 18.c4 Qa5 19.Kb1 Nb6 20.Rc1 f6 21.Rhd1 
Rd7 22.Qc2 Rhd8 23.d5 exd5 24.Qxf5 Kb8 25.cxd5 Nxd5 26.Ka1 Nxe3 27.Qxa5 
Rxd1 28.Qxd8+ Rxd8 29.fxe3 Rd2 30.Kb1 Rg2 31.Rc5 Rxg3 32.Rxh5 Rxe3 33.Rh8+
Kc7 34.h5 Re7 35.Rf8 Rh7 36.Rxf6 Rxh5 37.Rf7+ Kb6 38.a3 a5 39.Ka2 Ka6 40.
a4 Rh4 41.Ka3 Rh6 42.Rf8 b5 43.axb5+ cxb5 44.b3 Rd6 45.Rh8 Kb6 46.Rg8 Rd3 
47.Rg6+ Kc5 48.Rg5+ Rd5 49.Rg8 b4+ 50.Ka4 Kd4 51.Rc8 Kd3 52.Rc7 Kd2 53.Rc8
Rd3 54.Rc5 Rc3 55.Rxa5 1/2-1/2

[Event "East European zonal 3 (w)"]
[Site "Balatonfoldvar HUN"]
[Date "1987.??.??"]
[Round "9"]
[White "Muresan, Margareta"]
[Black "Richtrova-Klimova, Eliska"]
[Result "0-1"]
[WhiteElo "2310"]
[BlackElo "2320"]
[EventDate "1987.02.19"]
[PlyCount "122"]

1.d4 Nf6 2.c4 g6 3.Nc3 d5 4.Nf3 Bg7 5.cxd5 Nxd5 6.e4 Nxc3 7.bxc3 c5 8.Rb1 
O-O 9.Be2 cxd4 10.cxd4 Qa5+ 11.Qd2 Qxd2+ 12.Bxd2 b6 13.O-O Bb7 14.d5 Ba6 
15.Bxa6 Nxa6 16.Rfc1 Nc5 17.Rc4 f5 18.e5 Rfd8 19.Rd4 Rd7 20.Bb4 Rad8 21.
Rbd1 h6 22.h4 Ne4 23.Kf1 a5 24.Be1 g5 25.hxg5 hxg5 26.Rb1 g4 27.Nh4 Bxe5 
28.Rc4 Nd6 29.Ra4 Bf6 30.f3 gxf3 31.gxf3 Rb7 32.Bg3 Kf7 33.Ng2 Rh8 34.Kf2 
Rc8 35.Ne3 Rc5 36.Bxd6 exd6 37.Ke2 Bc3 38.Rh4 Rb8 39.Nc4 Rxd5 40.Rh7+ Kg6 
41.Re7 Kf6 42.Re3 Bb4 43.Rh1 Rg8 44.Rh6+ Rg6 45.Rxg6+ Kxg6 46.a3 b5 47.
axb4 bxc4 48.bxa5 Rxa5 49.Re6+ Kg5 50.Rxd6 Ra2+ 51.Ke1 Kf4 52.Rd5 Ra3 53.
Rc5 Re3+ 54.Kd2 c3+ 55.Kc2 Rxf3 56.Rc8 Re3 57.Rf8 Kg4 58.Rf7 f4 59.Rg7+ 
Kf3 60.Kd1 Kf2 61.Rg4 f3 0-1

[Event "East European zonal 3 (w)"]
[Site "Balatonfoldvar HUN"]
[Date "1987.??.??"]
[Round "10"]
[White "Grosch, Maria"]
[Black "Veroci-Petronic, Zsuzsa"]
[Result "0-1"]
[WhiteElo "2220"]
[BlackElo "2415"]
[EventDate "1987.02.19"]
[PlyCount "64"]

1.Nf3 Nf6 2.c4 g6 3.g3 Bg7 4.Bg2 O-O 5.d4 d5 6.cxd5 Nxd5 7.O-O Nb6 8.Nc3 
Nc6 9.d5 Na5 10.e4 c6 11.dxc6 Nxc6 12.Qe2 Bg4 13.Be3 Bxf3 14.Bxf3 Nd4 15.
Bxd4 Qxd4 16.Nd5 e6 17.Nc3 Qb4 18.Rac1 Nc4 19.b3 Ne5 20.Bg2 Rad8 21.Nb1 
Rd4 22.f4 Nd3 23.Rc3 Rfd8 24.e5 Qb6 25.Kh1 h5 26.a3 Nc5 27.b4 Na4 28.Rcc1 
R8d7 29.Rc8+ Bf8 30.Bf3 h4 31.Qc2 Qa6 32.Bd1 Qxf1# 0-1

[Event "East European zonal 3 (w)"]
[Site "Balatonfoldvar HUN"]
[Date "1987.??.??"]
[Round "10"]
[White "Angelova, Pavlina"]
[Black "Szmacinska, Grazyna"]
[Result "1/2-1/2"]
[WhiteElo "2245"]
[BlackElo "2315"]
[EventDate "1987.02.19"]
[PlyCount "126"]

1.d4 g6 2.c4 Bg7 3.e4 d6 4.Nc3 Nf6 5.Be2 O-O 6.Bg5 c5 7.d5 h6 8.Bf4 e6 9.
dxe6 Bxe6 10.Qd2 Qb6 11.Bxh6 Bxh6 12.Qxh6 Qxb2 13.Rc1 Nbd7 14.h4 Ne5 15.
Nh3 Bxh3 16.gxh3 b5 17.cxb5 Rae8 18.O-O Qb4 19.Qf4 Re6 20.Rfd1 Qa5 21.Bg4 
Nfxg4 22.hxg4 Qd8 23.Nd5 Qxh4 24.g5 Qxg5+ 25.Qxg5 Nf3+ 26.Kg2 Nxg5 27.f3 
Kg7 28.Rc3 f5 29.Ra3 Rf7 30.Nf4 Ref6 31.Nd5 fxe4 32.f4 Rf5 33.fxg5 Rxg5+ 
34.Rg3 Rgf5 35.Rd2 Re5 36.Ne3 Re6 37.a4 Rd7 38.Rd5 Kf7 39.Rdg5 Rf6 40.Nd5 
Rf5 41.Ne3 Rxg5 42.Rxg5 Kf6 43.Rd5 Ke6 44.Rg5 d5 45.Rxg6+ Ke5 46.Rc6 Kd4 
47.Kf2 c4 48.Ke2 Rh7 49.Nf5+ Ke5 50.Ng3 Rh2+ 51.Kd1 Ra2 52.Ne2 Rxa4 53.Nc3
Ra3 54.Kc2 Kd4 55.Ne2+ Ke3 56.Nc3 d4 57.Nd5+ Kf3 58.Rxc4 d3+ 59.Kb2 d2 60.
Rd4 Rd3 61.Rxd3+ exd3 62.Nc3 Kf2 63.Kb3 Ke1 1/2-1/2

[Event "East European zonal 3 (w)"]
[Site "Balatonfoldvar HUN"]
[Date "1987.??.??"]
[Round "10"]
[White "Stanciu, Gabriela"]
[Black "Madl, Ildiko"]
[Result "1-0"]
[WhiteElo "2245"]
[BlackElo "2350"]
[EventDate "1987.02.19"]
[PlyCount "103"]

1.d4 Nf6 2.c4 e6 3.Nc3 Bb4 4.Qc2 d6 5.Nf3 Nbd7 6.a3 Bxc3+ 7.Qxc3 Qe7 8.g3 
b6 9.Bg2 Bb7 10.O-O O-O 11.Re1 Rac8 12.b4 c5 13.Bb2 Rc7 14.dxc5 bxc5 15.
Nd2 Bxg2 16.Kxg2 Rb8 17.e4 Ne5 18.b5 Rcb7 19.a4 Nc6 20.Nb3 e5 21.Na5 Nxa5 
22.Qxa5 Ne8 23.Qc3 Nc7 24.f4 f6 25.f5 Ne8 26.Rad1 Qf7 27.Qd3 Qc7 28.Bc3 
Ra8 29.a5 Qf7 30.a6 Rd7 31.Ra1 d5 32.cxd5 Nd6 33.Reb1 Rb8 34.Ba5 c4 35.Qc2
g6 36.b6 axb6 37.Rxb6 Rxb6 38.Bxb6 Nc8 39.Qf2 Na7 40.fxg6 hxg6 41.Qc5 f5 
42.Bxa7 Rxa7 43.Qxc4 fxe4 44.Qxe4 Qf6 45.Qc4 e4 46.Rf1 Qxa6 47.Qxe4 Qd6 
48.Qe6+ Qxe6 49.dxe6 Re7 50.Re1 Kg7 51.Kf3 Kf6 52.Kg4 1-0

[Event "East European zonal 3 (w)"]
[Site "Balatonfoldvar HUN"]
[Date "1987.??.??"]
[Round "10"]
[White "Erenska-Radzewska, Hanna"]
[Black "Savova, Stefka"]
[Result "1-0"]
[WhiteElo "2300"]
[BlackElo "2245"]
[EventDate "1987.02.19"]
[PlyCount "65"]

1.e4 c5 2.Nf3 d6 3.d4 cxd4 4.Nxd4 Nf6 5.Nc3 a6 6.f4 e5 7.Nf3 Nbd7 8.a4 Be7
9.Bd3 O-O 10.O-O Nc5 11.Kh1 d5 12.Nxe5 dxe4 13.Be2 Qc7 14.Be3 b6 15.Qe1 
Bb7 16.Qg3 Ne6 17.Rad1 Rad8 18.f5 Rxd1 19.Rxd1 Bd6 20.Rxd6 Qxd6 21.fxe6 
fxe6 22.Nc4 Qxg3 23.hxg3 b5 24.axb5 axb5 25.Nxb5 Nd5 26.Bc5 Ra8 27.Nba3 
Ba6 28.Bg4 Kh8 29.Bxe6 Nf6 30.Nd6 h6 31.c4 Rb8 32.Nab5 Bb7 33.Ba7 1-0

[Event "East European zonal 3 (w)"]
[Site "Balatonfoldvar HUN"]
[Date "1987.??.??"]
[Round "10"]
[White "Jicman, Ligia-Letitia"]
[Black "Ciprianova-Kubikova, Hana"]
[Result "0-1"]
[WhiteElo "2220"]
[BlackElo "2145"]
[EventDate "1987.02.19"]
[PlyCount "80"]

1.e4 c5 2.g3 Nc6 3.Bg2 g6 4.Ne2 Bg7 5.O-O d6 6.c3 Bd7 7.d4 cxd4 8.cxd4 Qb6
9.Be3 Qd8 10.Nbc3 Nf6 11.h3 h5 12.Rc1 O-O 13.Kh2 Kh7 14.f4 h4 15.e5 dxe5 
16.fxe5 hxg3+ 17.Nxg3 Ng8 18.Be4 Nh6 19.Nh5 Nxe5 20.dxe5 Bxe5+ 21.Bf4 
Bxf4+ 22.Rxf4 f5 23.Bc2 gxh5 24.Qxh5 Be8 25.Qe2 Bg6 26.Rd1 Qc7 27.Nd5 Qd6 
28.Qxe7+ Qxe7 29.Nxe7 Rad8 30.Rfd4 Rde8 31.Nxg6 Kxg6 32.Rd6+ Rf6 33.Rg1+ 
Kf7 34.Rd2 Re7 35.Bb3+ Ke8 36.Rc1 Kf8 37.Rg2 f4 38.Rc8+ Re8 39.Rc7 f3 40.
Rg8+ Nxg8 0-1

[Event "East European zonal 3 (w)"]
[Site "Balatonfoldvar HUN"]
[Date "1987.??.??"]
[Round "10"]
[White "Richtrova-Klimova, Eliska"]
[Black "Baumstark, Gertrude"]
[Result "1-0"]
[WhiteElo "2320"]
[BlackElo "2080"]
[EventDate "1987.02.19"]
[PlyCount "117"]

1.d4 d5 2.c4 dxc4 3.Nc3 e5 4.e3 exd4 5.exd4 Nf6 6.Bxc4 Be7 7.Nf3 O-O 8.O-O
Bg4 9.h3 Bxf3 10.Qxf3 Qxd4 11.Qxb7 Nbd7 12.Bb3 Qe5 13.Nd5 Nxd5 14.Qxd5 Bd6
15.Qxe5 Bxe5 16.Rb1 Nc5 17.Bc4 Rab8 18.Be3 Ne4 19.Bxa7 Rxb2 20.Rxb2 Bxb2 
21.Re1 Nd6 22.Bd5 Ba3 23.Re3 Bb4 24.a3 Ba5 25.Bc5 Rd8 26.Re7 h6 27.Bb3 Rf8
28.Bxd6 cxd6 29.a4 Bc3 30.Bd5 g5 31.Ra7 Bd4 32.Rd7 Bc3 33.Rxd6 Kg7 34.Rd7 
Kf6 35.Kf1 Re8 36.Rxf7+ Kg6 37.f4 gxf4 38.Rxf4 Re1+ 39.Kf2 Ra1 40.Rc4 Ra3 
41.Ke3 Kf5 42.Bc6 Be5+ 43.Kd2 h5 44.Bf3 Kg6 45.Bxh5+ Kxh5 46.Rc5 Ra2+ 47.
Ke3 Rxg2 48.Rxe5+ Kh4 49.Kd4 Ra2 50.Re4+ Kxh3 51.Kc5 Kg3 52.Kb6 Kf3 53.Rb4
Rh2 54.a5 Rh6+ 55.Ka7 Ke3 56.a6 Kd3 57.Rb6 Rh7+ 58.Rb7 Rh6 59.Rc7 1-0

[Event "East European zonal 3 (w)"]
[Site "Balatonfoldvar HUN"]
[Date "1987.??.??"]
[Round "10"]
[White "Porubszky, Maria"]
[Black "Voiska, Margarita"]
[Result "1/2-1/2"]
[WhiteElo "2240"]
[BlackElo "2305"]
[EventDate "1987.02.19"]
[PlyCount "109"]

1.Nf3 Nf6 2.b3 c5 3.Bb2 e6 4.e3 d5 5.Be2 Bd6 6.O-O Nc6 7.d4 O-O 8.Nbd2 Qe7
9.Ne5 cxd4 10.exd4 Ba3 11.Bxa3 Qxa3 12.Ndf3 Qd6 13.Bd3 Bd7 14.Re1 Nb4 15.
c4 Nxd3 16.Qxd3 Ne4 17.Nxd7 Qxd7 18.Ne5 Qd8 19.cxd5 exd5 20.f3 Nf6 21.Qb5 
b6 22.Rac1 a6 23.Qb4 Re8 24.Rc6 b5 25.Rec1 Nd7 26.Qd6 Qh4 27.Qxd5 Nxe5 28.
dxe5 Qf4 29.Re1 Rad8 30.Rd6 Rxd6 31.Qxd6 h5 32.Qd5 Re6 33.g3 Qf5 34.Qe4 
Qxe4 35.Rxe4 Kh7 36.f4 Kg6 37.Rd4 Kf5 38.Rd7 Kg6 39.Kf2 f6 40.exf6 Kxf6 
41.Rd5 g6 42.Kf3 Rc6 43.Rd2 Kf5 44.Rd5+ Ke6 45.Re5+ Kf6 46.h3 Rc2 47.Re2 
Rc3+ 48.Kg2 Kf5 49.Re5+ Kf6 50.Re2 Kf5 51.Rf2 Rc1 52.Re2 Rc3 53.Rf2 Rc1 
54.Kf3 Rc3+ 55.Kg2 1/2-1/2

[Event "East European zonal 3 (w)"]
[Site "Balatonfoldvar HUN"]
[Date "1987.??.??"]
[Round "10"]
[White "Wiese-Jozwiak, Malgorzata"]
[Black "Muresan, Margareta"]
[Result "1/2-1/2"]
[WhiteElo "2290"]
[BlackElo "2310"]
[EventDate "1987.02.19"]
[PlyCount "33"]

1.e4 c6 2.d4 d5 3.Nd2 dxe4 4.Nxe4 Nd7 5.Bc4 Ngf6 6.Ng5 e6 7.Qe2 Nb6 8.Bd3 
h6 9.N5f3 c5 10.dxc5 Bxc5 11.Ne5 Nbd7 12.Ngf3 Qc7 13.O-O Nxe5 14.Nxe5 Bd6 
15.Re1 O-O 16.h3 b6 17.Ng4 1/2-1/2

[Event "East European zonal 3 (w)"]
[Site "Balatonfoldvar HUN"]
[Date "1987.??.??"]
[Round "11"]
[White "Voiska, Margarita"]
[Black "Angelova, Pavlina"]
[Result "1-0"]
[WhiteElo "2305"]
[BlackElo "2245"]
[EventDate "1987.02.19"]
[PlyCount "123"]

1.Nf3 d5 2.c4 c6 3.b3 Bf5 4.Bb2 e6 5.g3 Nf6 6.Bg2 Bd6 7.O-O O-O 8.d3 Nbd7 
9.cxd5 exd5 10.Nbd2 Re8 11.Re1 a5 12.a3 Nc5 13.Bc3 Bg4 14.Qc2 Bf8 15.Nd4 
Qd7 16.N4f3 Qd8 17.Rab1 Ne6 18.Qb2 d4 19.Nxd4 Nxd4 20.Bxd4 Bxe2 21.Ne4 
Nxe4 22.dxe4 Bg4 23.b4 axb4 24.axb4 Be6 25.Ra1 Qg5 26.Qc3 Qb5 27.Bc5 Qc4 
28.Qxc4 Bxc4 29.Bxf8 Kxf8 30.Rec1 Bb5 31.f3 Red8 32.Bf1 Bxf1 33.Rxf1 Ke7 
34.Kf2 Rd2+ 35.Ke3 Rad8 36.Ra7 R8d3+ 37.Kf4 Rd7 38.b5 Rxh2 39.bxc6 bxc6 
40.Rfa1 Rd2 41.Rxd7+ Rxd7 42.Rc1 Kd6 43.e5+ Kc7 44.Ke4 Rd5 45.f4 Rb5 46.g4
h6 47.Rc4 Rb1 48.Ra4 Re1+ 49.Kd4 Rb1 50.Ra7+ Rb7 51.Ra8 Kb6 52.Kc4 c5 53.
Rd8 Rc7 54.Rb8+ Kc6 55.Rb5 Kd7 56.f5 g6 57.Rb6 Rc6 58.e6+ fxe6 59.Rxc6 
gxf5 60.Rxc5 fxg4 61.Rh5 Kd6 62.Kd4 1-0

[Event "East European zonal 3 (w)"]
[Site "Balatonfoldvar HUN"]
[Date "1987.??.??"]
[Round "11"]
[White "Madl, Ildiko"]
[Black "Jicman, Ligia-Letitia"]
[Result "1-0"]
[WhiteElo "2350"]
[BlackElo "2220"]
[EventDate "1987.02.19"]
[PlyCount "59"]

1.e4 c5 2.Nf3 Nc6 3.d4 cxd4 4.Nxd4 Nf6 5.Nc3 g6 6.Nxc6 bxc6 7.e5 Nh5 8.Bc4
d5 9.exd6 Qxd6 10.O-O Bg7 11.Qf3 O-O 12.Bb3 Ba6 13.Rd1 Qc7 14.Bg5 Bb7 15.
Qe3 Be5 16.h3 Bf6 17.Na4 Bxg5 18.Qxg5 Nf4 19.Nc5 Bc8 20.Re1 Bxh3 21.Rxe7 
Qb8 22.Qf6 Be6 23.Nxe6 Nh5 24.Qd4 c5 25.Nxc5 Qb6 26.Qe5 Nf6 27.Rb7 Qc6 28.
Ba4 Qc8 29.Qxf6 Qxc5 30.Bb3 1-0

[Event "East European zonal 3 (w)"]
[Site "Balatonfoldvar HUN"]
[Date "1987.??.??"]
[Round "11"]
[White "Szmacinska, Grazyna"]
[Black "Richtrova-Klimova, Eliska"]
[Result "1/2-1/2"]
[WhiteElo "2315"]
[BlackElo "2320"]
[EventDate "1987.02.19"]
[PlyCount "64"]

1.d4 Nf6 2.c4 d6 3.Nf3 g6 4.Nc3 Bg7 5.e4 O-O 6.Be2 e5 7.O-O Nbd7 8.Qc2 c6 
9.Rd1 Qe7 10.b4 a5 11.bxa5 exd4 12.Nxd4 Nc5 13.f3 Rxa5 14.Bb2 Nh5 15.Nb3 
Nxb3 16.axb3 Rxa1 17.Bxa1 f5 18.Qd2 Be5 19.Na4 fxe4 20.Bxe5 dxe5 21.fxe4 
Nf4 22.Bf1 Qg5 23.g3 Qg4 24.Nb2 h5 25.Qe3 h4 26.Rd2 Qg5 27.Nd1 Nh3+ 28.
Bxh3 Bxh3 29.Rf2 Rd8 30.Qf3 hxg3 31.hxg3 Rxd1+ 32.Kh2 Rd2 1/2-1/2

[Event "East European zonal 3 (w)"]
[Site "Balatonfoldvar HUN"]
[Date "1987.??.??"]
[Round "11"]
[White "Ciprianova-Kubikova, Hana"]
[Black "Grosch, Maria"]
[Result "1/2-1/2"]
[WhiteElo "2145"]
[BlackElo "2220"]
[EventDate "1987.02.19"]
[PlyCount "31"]

1.d4 Nf6 2.c4 e6 3.Nf3 b6 4.g3 Bb7 5.Bg2 Bb4+ 6.Nbd2 O-O 7.O-O Be7 8.Qc2 
c5 9.e4 d5 10.exd5 exd5 11.dxc5 bxc5 12.cxd5 Bxd5 13.Nh4 Bxg2 14.Nxg2 Nc6 
15.Ne4 Nd4 16.Nxf6+ 1/2-1/2